Always Forever-Cults - Statistics

General Stats
  • This quiz has been taken 36 times
  • The average score is 148 of 186
Answer Stats
Answer % Correct
a
100%
always
100%
and
100%
forever
100%
me,
100%
me
100%
to
100%
To
100%
We
100%
we
100%
You
100%
you
100%
together
95%
stay
91%
could
86%
alone
82%
I
82%
be
77%
can
77%
in
77%
never
77%
know
73%
pocket
73%
Darling,
68%
darling,
68%
down
68%
got
68%
your
68%
come
64%
don't
64%
just
64%
Just
64%
locket
64%
Say
64%
say
64%
get
59%
have
59%
here
59%
keep
59%
my
59%
you'll
59%
you've
59%
better
55%
settle
55%
around
50%
it's
50%
wait
50%
things
45%
think
45%
alarming
41%
of
41%
Oh,
41%
us
41%
apart
36%
Heard
27%
separate
27%
eye
14%
wandering
14%
No matching quizzes found
Score Distribution
Percent of People with Each Score
Percentile by Number Answered
Your Score History
You have not taken this quiz